<?xml version="1.0" encoding="UTF-8"?>
<record
    xmlns:xsi="http://www.w3.org/2001/XMLSchema-instance"
    xsi:schemaLocation="http://www.loc.gov/MARC21/slim http://www.loc.gov/standards/marcxml/schema/MARC21slim.xsd"
    xmlns="http://www.loc.gov/MARC21/slim">

  <leader>03281cam a22002655a 4500</leader>
  <controlfield tag="001">18268567</controlfield>
  <controlfield tag="005">20160221104923.0</controlfield>
  <controlfield tag="008">140815s2015    enka   frb   f001 0 eng d</controlfield>
  <datafield tag="020" ind1=" " ind2=" ">
    <subfield code="a">9780198728313</subfield>
  </datafield>
  <datafield tag="020" ind1=" " ind2=" ">
    <subfield code="a">019872831X</subfield>
  </datafield>
  <datafield tag="040" ind1=" " ind2=" ">
    <subfield code="a">Nz</subfield>
    <subfield code="b">eng</subfield>
    <subfield code="c">UW1</subfield>
    <subfield code="d">OCLCO</subfield>
    <subfield code="d">N15</subfield>
    <subfield code="d">DLC</subfield>
    <subfield code="d">EG-ScBUE</subfield>
  </datafield>
  <datafield tag="082" ind1="0" ind2="4">
    <subfield code="2">22</subfield>
    <subfield code="a">650.1</subfield>
    <subfield code="b">EME</subfield>
  </datafield>
  <datafield tag="245" ind1="0" ind2="4">
    <subfield code="a">The emergence of novelty in organizations /</subfield>
    <subfield code="c">edited by Raghu Garud ... [et al.]</subfield>
  </datafield>
  <datafield tag="250" ind1=" " ind2=" ">
    <subfield code="a">1st ed.</subfield>
  </datafield>
  <datafield tag="260" ind1=" " ind2=" ">
    <subfield code="a">Oxford :</subfield>
    <subfield code="b">Oxford University Press,</subfield>
    <subfield code="c">2015.</subfield>
  </datafield>
  <datafield tag="300" ind1=" " ind2=" ">
    <subfield code="a">xxiii, 366 p. :</subfield>
    <subfield code="b">ill. ;</subfield>
    <subfield code="c">24 cm.</subfield>
  </datafield>
  <datafield tag="490" ind1="0" ind2=" ">
    <subfield code="a">Perspectives on process organization studies ;</subfield>
    <subfield code="v">v. 5.</subfield>
  </datafield>
  <datafield tag="504" ind1=" " ind2=" ">
    <subfield code="a">Includes bibliographical references and indexes.</subfield>
  </datafield>
  <datafield tag="505" ind1="0" ind2="0">
    <subfield code="g">Introduction:</subfield>
    <subfield code="t">How does novelty emerge? /</subfield>
    <subfield code="r">Raghu Garud, Barbara Simpson, Ann Langley, and Haridimos Tsoukas --</subfield>
    <subfield code="t">Time of emergence/emergence of time : life in the Age of Mechanical (re)Production /</subfield>
    <subfield code="r">Suzanne Guerlac --</subfield>
    <subfield code="t">On "relational things" : a new realm of inquiry -- pre-understandings and performative understandings of people's meanings /</subfield>
    <subfield code="r">John Shotter --</subfield>
    <subfield code="t">Imagination in organizational creativity : insights from the radical ontology of Cornelius Castoriadis /</subfield>
    <subfield code="r">Aris Komporozos-Athanasiou and Marianna Fotaki --</subfield>
    <subfield code="t">Negotiating novelty : how cultural psychology looks at organizational dynamics /</subfield>
    <subfield code="r">Jaan Valsiner --</subfield>
    <subfield code="t">Between technology and music : distributed creativity and liminal spaces in the early history of electronic music synthesizers /</subfield>
    <subfield code="r">Trevor Pinch --</subfield>
    <subfield code="t">Taking advantage of emergence /</subfield>
    <subfield code="r">Deborah Dougherty --</subfield>
    <subfield code="t">How organizational innovation emerges through improvisational processes /</subfield>
    <subfield code="r">R. Keith Sawyer --</subfield>
    <subfield code="t">Creativity at work : generating useful novelty in haute cuisine restaurants /</subfield>
    <subfield code="r">Isabelle Bouty and Marie-L&#xFFFD;eandre Gomez --</subfield>
    <subfield code="t">The praradox of stability and change : Elias' processual sociology /</subfield>
    <subfield code="r">Chris Mowles --</subfield>
    <subfield code="t">After mastery : insights from practice theorizing /</subfield>
    <subfield code="r">Dvora Yanow --</subfield>
    <subfield code="t">Conceptions of process in organization and management : the case of identity studies /</subfield>
    <subfield code="r">J&#xFFFD;orgen Sandberg, Bernadette Loacker, and Mats Alvesson.</subfield>
  </datafield>
  <datafield tag="520" ind1=" " ind2=" ">
    <subfield code="a">"Creativity, innovation, and change are vital to the development and sustainability of all organizations. Yet, questions remain about exactly how novelty comes about, and what dynamic processes are involved in its emergence? Ideas of emergence and process, drawn from a variety of different philosophical traditions, have been the focus of increasing attention in management and organization studies. In this volume, these issues are brought to bear on novelty and innovation, by examining new organizational and product development processes, whether planned or unplanned. The contributions in this volume offer both theoretical insights and empirical studies on, inter alia, innovation, music technology. haute cuisine. pharmaceuticals, and theater improvisation. In doing so, they throw light on the importance of emergence, improvisation, and learning in orgaizations, and how both practitioners and scholars alike can best understand their own assumptions about process. In addition, the volume includes general essays on process perspectives in organization studies"--Book jacket.</subfield>
  </datafield>
  <datafield tag="650" ind1=" " ind2="7">
    <subfield code="a">Creative ability in business.</subfield>
    <subfield code="2">BUEsh</subfield>
    <subfield code="9">37582</subfield>
  </datafield>
  <datafield tag="653" ind1=" " ind2=" ">
    <subfield code="b">BUSADM</subfield>
    <subfield code="c">February2016</subfield>
  </datafield>
  <datafield tag="700" ind1="1" ind2=" ">
    <subfield code="a">Garud, Raghu,</subfield>
    <subfield code="e">editor.</subfield>
  </datafield>
  <datafield tag="942" ind1=" " ind2=" ">
    <subfield code="2">ddc</subfield>
  </datafield>
  <datafield tag="999" ind1=" " ind2=" ">
    <subfield code="c">21192</subfield>
    <subfield code="d">21164</subfield>
  </datafield>
  <datafield tag="952" ind1=" " ind2=" ">
    <subfield code="0">0</subfield>
    <subfield code="1">0</subfield>
    <subfield code="2">ddc</subfield>
    <subfield code="4">0</subfield>
    <subfield code="7">0</subfield>
    <subfield code="8">Academic</subfield>
    <subfield code="a">MAIN</subfield>
    <subfield code="b">MAIN</subfield>
    <subfield code="c">1ST</subfield>
    <subfield code="d">2016-02-21</subfield>
    <subfield code="e">Purchase</subfield>
    <subfield code="g">715.00</subfield>
    <subfield code="h">4873</subfield>
    <subfield code="l">1</subfield>
    <subfield code="m">1</subfield>
    <subfield code="o">650.1 EME</subfield>
    <subfield code="p">000031620</subfield>
    <subfield code="r">2025-07-15 00:00:00</subfield>
    <subfield code="s">2018-02-05</subfield>
    <subfield code="v">893.75</subfield>
    <subfield code="y">BB</subfield>
  </datafield>
</record>
